Memoir / (Record no. 147112)

MARC details
000 -LEADER
fixed length control field 00517nam a22001817a 4500
005 - DATE AND TIME OF LATEST TRANSACTION
control field 20171103121346.0
010 ## - LCCN (DPL NO)
LC control number ENG-121145
020 ## - INTERNATIONAL STANDARD BOOK NUMBER
Terms of availability 150.00
International Standard Book Number 9788187952275
035 ## - SYSTEM CONTROL NUMBER
System control number EN-104677
037 ## - SOURCE OF ACQUISITION
Source of stock number/acquisition DBAD/PUB
082 ## - DEWEY DECIMAL CLASSIFICATION NUMBER
Classification number 954.167045092
100 ## - MAIN ENTRY--PERSONAL NAME
Personal name Dahdul, Yapa Doriji
245 ## - TITLE STATEMENT
Title Memoir /
Statement of responsibility, etc by Yapa Dorji Dahdul
260 ## - PUBLICATION, DISTRIBUTION, ETC. (IMPRINT)
Date of publication, distribution, etc 2011
Place of publication, distribution, etc Kolkata
Name of publisher, distributor, etc Mark-Age Services
270 ## - ADDRESS
City Kolkata
Address G-1, Ground Floor
Postal code 700084
300 ## - PHYSICAL DESCRIPTION
Extent 36p.
Other physical details 22,(Hb)
Dimensions ill.
942 ## - ADDED ENTRY ELEMENTS (KOHA)
Source of classification or shelving scheme Dewey Decimal Classification
Item type Marathi Books
Call number suffix DAH
Classification part 954.167045092
Holdings
Withdrawn status Lost status Not for loan Collection code Home library Current library Date acquired Source of acquisition Cost, normal purchase price Full call number Barcode Copy number Cost, replacement price Koha item type
      Non-fiction Shahdara Branch Shahdara Branch 02/11/2017 DBAD/PUB 150.00 954.167045092 DAH EN-104677 1 150.00 English Books

© Delhi Public Library
Hit Counter
free hit counter